=LDR 00000nam 2200000 4500 =001 INLIS000000000061009 =005 20220531074751 =035 ##$$a 0010-0522000006 =007 ta =008 220531###########################0#ind## =020 ##$$a 978-602-02-4757-1 =082 ##$$a 899.221 3 =084 ##$$a 899.221 3 SIF c =100 #$$a Sifah Nur =245 1#$$a Cinta Abnormal : $b Saat Kewarasan Cinta Dipertanyakan /$c Sifah Nur =260 ##$$a Jakarta :$b Elex Media Kompuntindo,$c 2014 =300 ##$$a 211 hlm. ; $c 20 Cm. =650 #4$$a Fiksi Indonesia =990 ##$$a 20372037